| 000 | 00720cam a2200253 a 4500 | ||
|---|---|---|---|
| 001 | 11585 | ||
| 005 | 20230411085755.0 | ||
| 008 | 060907s2013 fr | b 001 0 fre | ||
| 020 | _a9782130609018 | ||
| 050 | 1 | 4 |
_aR B 42 _bC741d 2013 |
| 082 | 0 | 0 | _a103 |
| 049 | _aGRAL | ||
| 100 | 1 | _aComte-Sponville, Andre. | |
| 245 | 1 | 0 |
_aDictionnaire philosophique / _cAndre Comte-Sponville. |
| 250 | _a4a ed. | ||
| 260 |
_aParis : _bPresses universitaires de France, _c2013. |
||
| 300 |
_axi, 1100 p. ; _c20 cm. |
||
| 490 | 1 | _aPerspectives critiques | |
| 650 | 0 |
_aPhilosophy _xDictionaries _xFrench. |
|
| 650 | 4 |
_aFilosofĂa _xDiccionarios. |
|
| 830 | 0 | _aPerspectives critiques. | |
| 942 |
_2lcc _cbk |
||
| 994 |
_aC0 _bDRFGD |
||
| 999 |
_c107179 _d107179 |
||